Protestantism in Central America. (Record no. 13684)

000 -LEADER
fixed length control field 00658nam a2200193 a 4500
001 - CONTROL NUMBER
control field :::00011507$&:&@@
003 - CONTROL NUMBER IDENTIFIER
control field OkBaRHE
005 - DATE AND TIME OF LATEST TRANSACTION
control field 20100402115622.0
008 - FIXED-LENGTH DATA ELEMENTS--GENERAL INFORMATION
fixed length control field s1984 j 000 0 eng u
040 ## - CATALOGING SOURCE
Transcribing agency
100 1# - MAIN ENTRY--PERSONAL NAME
Personal name Nelson, Wilton M.
245 10 - TITLE STATEMENT
Title Protestantism in Central America.
260 ## - PUBLICATION, DISTRIBUTION, ETC. (IMPRINT)
Place of publication, distribution, etc Grand Rapids, MI., :
Name of publisher, distributor, etc Wm. B. Eerdmans Publishing Co.
Date of publication, distribution, etc 1984
300 ## - PHYSICAL DESCRIPTION
Extent vi, 90 p. ;
Dimensions 18 cm.
650 ## - SUBJECT ADDED ENTRY--TOPICAL TERM
Topical term or geographic name as entry element Central America
General subdivision Church History
650 ## - SUBJECT ADDED ENTRY--TOPICAL TERM
Topical term or geographic name as entry element Protestant Churches
General subdivision Central America
-- History
942 ## - ADDED ENTRY ELEMENTS (KOHA)
Source of classification or shelving scheme
Koha item type Books
Copies
Barcode Not for loan Lost status Price effective from Permanent Location Full call number Date last seen Shelving location Date acquired Koha item type Damaged status Source of classification or shelving scheme Copy number Withdrawn status
11507  2010-04-14RHEMA Bible Training CollegeBX 4833.5 .N4413 19842010-04-14General Stacks2010-04-14Books  1